Soil Mechanics in Engineering Practice (Record no. 8221)

MARC details
000 -LEADER
fixed length control field 00991pam a2200289 a 4500
001 - CONTROL NUMBER
control field 3504329
003 - CONTROL NUMBER IDENTIFIER
control field OSt
005 - DATE AND TIME OF LATEST TRANSACTION
control field 20231021112557.0
008 - FIXED-LENGTH DATA ELEMENTS--GENERAL INFORMATION
fixed length control field 950217s1996 nyua b 001 0 eng
010 ## - LIBRARY OF CONGRESS CONTROL NUMBER
LC control number 95006616
020 ## - INTERNATIONAL STANDARD BOOK NUMBER
International Standard Book Number 0471086584 (acidfree paper)
040 ## - CATALOGING SOURCE
Original cataloging agency DLC
Transcribing agency DLC
Modifying agency DLC
050 00 - LIBRARY OF CONGRESS CALL NUMBER
Classification number TA710
Item number .T39 1996
082 00 - DEWEY DECIMAL CLASSIFICATION NUMBER
Classification number 624.151 TER 1996.
Edition number 20
100 1# - MAIN ENTRY--PERSONAL NAME
Personal name Terzaghi, Karl; Peck, Ralph B.; Mesri, Gholamreza,
9 (RLIN) 16765
245 10 - TITLE STATEMENT
Title Soil Mechanics in Engineering Practice
250 ## - EDITION STATEMENT
Edition statement 3rd ed.
260 ## - PUBLICATION, DISTRIBUTION, ETC. (IMPRINT)
Place of publication, distribution, etc. New York;
Name of publisher, distributor, etc. Wiley,
Date of publication, distribution, etc. c1996.
300 ## - PHYSICAL DESCRIPTION
Extent xxx, 549 p. :
Other physical details ill. ;
Dimensions 29 cm.
500 ## - GENERAL NOTE
General note "A Wiley-Interscience publication."
504 ## - BIBLIOGRAPHY, ETC. NOTE
Bibliography, etc Includes bibliographical references (p. 501-522) and indexes.
650 #0 - SUBJECT ADDED ENTRY--TOPICAL TERM
Topical term or geographic name as entry element Mechanics.
9 (RLIN) 16766
650 #0 - SUBJECT ADDED ENTRY--TOPICAL TERM
Topical term or geographic name as entry element Engineering
9 (RLIN) 373
906 ## - LOCAL DATA ELEMENT F, LDF (RLIN)
a 7
b cbc
c orignew
d 1
e ocip
f 19
g y-gencatlg
942 ## - ADDED ENTRY ELEMENTS (KOHA)
Source of classification or shelving scheme Dewey Decimal Classification
Koha item type Book Bank
Holdings
Withdrawn status Lost status Source of classification or shelving scheme Damaged status Not for loan Home library Current library Date acquired Source of acquisition Inventory number Total Checkouts Full call number Barcode Date last seen Koha item type
    Dewey Decimal Classification     Main Kihumuro Campus Main Kihumuro Campus 16/10/2023 Purchase 23/42187   624.151 TER 1996. 2023-0648 16/10/2023 Book Bank
    Dewey Decimal Classification     Main Kihumuro Campus Main Kihumuro Campus 26/09/2024 Purchase 24/42312   624.151 TER 1996. 2024-22433 26/09/2024 Open Shelf
    Dewey Decimal Classification     Main Kihumuro Campus Main Kihumuro Campus 26/09/2024 Purchase 24/42313   624.151 TER 1996. 2024-22434 26/09/2024 Open Shelf